| 000 | 00380nam a22001697a 4500 | ||
|---|---|---|---|
| 005 | 20260402125612.0 | ||
| 008 | 160628b xxu||||| |||| 00| 0 eng d | ||
| 020 | _a978-0-0-95137 | ||
| 041 | _aeng | ||
| 082 | _b823.912 | ||
| 100 |
_aP. G. Wodehouse _98919 |
||
| 245 | _aRight Ho, Jeeves | ||
| 260 | _bArrow Books | ||
| 300 | _a290 | ||
| 650 |
_alife skill _98393 |
||
| 942 | _cBK | ||
| 999 |
_c4426 _d4425 |
||